Selección poética / (Record no. 23522)
[ view plain ]
| 000 -CABECERA | |
|---|---|
| campo de control de longitud fija | 00901nam a2200241 a 4500 |
| 001 - NÚMERO DE CONTROL | |
| campo de control | 000024027 |
| 005 - FECHA Y HORA DE LA ÚLTIMA TRANSACCIÓN | |
| campo de control | 20260513100001.0 |
| 008 - DATOS DE LONGITUD FIJA--INFORMACIÓN GENERAL | |
| campo de control de longitud fija | 110118s1962 ve 000 p spa d |
| 040 ## - FUENTE DE LA CATALOGACIÓN | |
| Centro catalogador/agencia de origen | DO-SdBNP |
| Lengua de catalogación | spa |
| Centro/agencia transcriptor | BNPHU |
| 082 ## - NÚMERO DE LA CLASIFICACIÓN DECIMAL DEWEY | |
| Número de clasificación | 808.81 |
| Número de documento/Ítem | V434s |
| 049 ## - FONDOS LOCALES (OCLC) | |
| Fondos de biblioteca | BNGR |
| 100 1# - ENTRADA PRINCIPAL--NOMBRE DE PERSONA | |
| Nombre de persona | Velásquez, Lucila, |
| Fechas asociadas al nombre | 1928-2009. |
| 9 (RLIN) | 49369 |
| 245 10 - MENCIÓN DE TÍTULO | |
| Título | Selección poética / |
| Mención de responsabilidad, etc. | Lucila Velasquez. |
| 260 ## - PUBLICACIÓN, DISTRIBUCIÓN, ETC. | |
| Lugar de publicación, distribución, etc. | Caracas, (Venezuela) : |
| Nombre del editor, distribuidor, etc. | Ediciones del Ministerio de Educación, Dirección de Cultura y Bellas Artes, |
| Fecha de publicación, distribución, etc. | 1962. |
| 300 ## - DESCRIPCIÓN FÍSICA | |
| Extensión | xix, [4], 174 p. ; |
| Dimensiones | 18 cm. |
| 490 1# - MENCIÓN DE SERIE | |
| Mención de serie | Biblioteca popular venezolana |
| Designación de volumen o secuencia | 90 |
| 500 ## - NOTA GENERAL | |
| Nota general | Incluye datos biográficos del autor en la solapa de la contracubierta |
| 504 ## - NOTA DE BIBLIOGRAFÍA, ETC. | |
| Nota de bibliografía, etc. | Incluye referencias bibliográficas |
| 650 #0 - PUNTO DE ACCESO ADICIONAL DE MATERIA--TÉRMINO DE MATERIA | |
| Término de materia o nombre geográfico como elemento de entrada | Antología poética |
| 9 (RLIN) | 49370 |
| 650 #4 - PUNTO DE ACCESO ADICIONAL DE MATERIA--TÉRMINO DE MATERIA | |
| Término de materia o nombre geográfico como elemento de entrada | Poesía |
| Subdivisión general | Colecciones |
| 9 (RLIN) | 9729 |
| 650 #4 - PUNTO DE ACCESO ADICIONAL DE MATERIA--TÉRMINO DE MATERIA | |
| Término de materia o nombre geográfico como elemento de entrada | Poesía venezolana |
| 9 (RLIN) | 4230 |
| 830 #0 - PUNTO DE ACCESO ADICIONAL DE SERIE-TÍTULO UNIFORME | |
| Título uniforme | Biblioteca popular venezolana ; |
| Designación de volumen o secuencia | 90 |
| 9 (RLIN) | 4512 |
| Estado de retiro | Estado de pérdida | Restricciones de uso | No para préstamo | Código de colección | Localización permanente | Ubicación/localización actual | Ubicación en estantería | Fecha de adquisición | Número de inventario | Total de préstamos | Signatura topográfica completa | Código de barras | Fecha visto por última vez | Precio válido a partir de | Tipo de ítem Koha |
|---|---|---|---|---|---|---|---|---|---|---|---|---|---|---|---|
| Monografías: Libros y Folletos | General | General | En catalogación | 18.01.2011 | LF1 | 808.81 V434s | 24027-10 | 25.06.2020 | 25.06.2020 | Préstamo en sala |
